00217nam a2200085Ia 4500008004100000041000800041100001800049245003100067260003300098230508s2015 xx 000 0 und d aeng aCHOUDHARI M A aSWITCH GEAR AND PROTECTION bNIRALI PRAKASHANc2015g2014